[Event "Internet Section 06A g/8'+2\""]
[Site "Dos Hermanas"]
[Date "2004.03.06"]
[Round "2"]
[White "Hersvik, Daniel"]
[Black "Schafer Lato, Claudio Alejandro"]
[Result "1-0"]
[WhiteElo "2269"]
[BlackElo "1999"]
[PlyCount "137"]
[EventDate "2004.03.06"]
[EventType "swiss (blitz)"]
[EventRounds "9"]
[EventCountry "ESP"]
[SourceTitle "CBM 099 Extra"]
[Source "ChessBase"]
[SourceDate "2004.05.04"]
[SourceVersion "1"]
[SourceVersionDate "2004.05.04"]
[SourceQuality "1"]

1. e4 c5 2. Nf3 Nc6 3. d4 cxd4 4. c3 Nf6 5. e5 Nd5 6. Bc4 Nb6 7. Bb3 d6 8. exd6 Qxd6 9. cxd4 Bg4 10. Bxf7+ Kxf7 11. Ng5+ Ke8 12. Qxg4 Qxd4 13. Qe6 Qe5+ 14. Qxe5 Nxe5 15. Nc3 h6 16. Ne6 Kf7 17. Nc5 Rb8 18. Ke2 e6 19. N5e4 Rd8 20. Be3 Nec4 21. b3 Nxe3 22. fxe3 Bb4 23. Rhf1+ Ke7 24. a3 Bxc3 25. Nxc3 Rc8 26. Rac1 Rhd8 27. Nb5 a6 28. Nd4 Nd5 29. Rc4 Nc3+ 30. Kd3 Nb5 31. Rxc8 Rxc8 32. Nxb5 axb5 33. Rf4 Rc5 34. Rb4 Kd6 35. Rd4+ Ke7 36. Ke4 Rg5 37. g3 Rh5 38. h4 Rc5 39. g4 g5 40. h5 Rc3 41. Rb4 Rc5 42. a4 Kd6 43. Rxb5 Rc7 44. Rb6+ Ke7 45. b4 Kf6 46. a5 Rd7 47. b5 Rc7 48. a6 bxa6 49. bxa6 Rc4+ 50. Kf3 Ra4 51. Rb8 Rxa6 52. Rg8 Ra1 53. Rg6+ Ke5 54. Rxh6 Rf1+ 55. Kg2 Re1 56. Kf2 Ra1 57. Rg6 Ra2+ 58. Kf3 Ra1 59. Rxg5+ Kf6 60. Rg6+ Kf7 61. Rh6 Rf1+ 62. Ke4 Rg1 63. Kf4 Rf1+ 64. Kg5 Rf3 65. Rh7+ Kg8 66. Ra7 Kf8 67. e4 e5 68. Ra5 Kf7 69. Rxe5 1-0

[Event "Internet Section 06A g/8'+2\""]
[Site "Dos Hermanas"]
[Date "2004.03.06"]
[Round "1"]
[White "Schafer Lato, Claudio Alejandro"]
[Black "Hamilton, David"]
[Result "1-0"]
[WhiteElo "1991"]
[BlackElo "1274"]
[PlyCount "109"]
[EventDate "2004.03.06"]
[EventType "swiss (blitz)"]
[EventRounds "9"]
[EventCountry "ESP"]
[SourceTitle "CBM 099 Extra"]
[Source "ChessBase"]
[SourceDate "2004.05.04"]
[SourceVersion "1"]
[SourceVersionDate "2004.05.04"]
[SourceQuality "1"]

1. Nf3 c5 2. c4 Nc6 3. g3 Nf6 4. Bg2 d6 5. 0-0 Bd7 6. b3 e6 7. Bb2 Be7 8. Nc3 0-0 9. d4 cxd4 10. Nxd4 a6 11. Qd2 e5 12. Nc2 Qc8 13. Rfe1 Rb8 14. Rac1 Bh3 15. Bh1 Qf5 16. Ne3 Qc8 17. Red1 h6 18. Ba3 Nh7 19. Ned5 Bg5 20. e3 Bg4 21. Re1 Nd4 22. Ne4 Bf3 23. Nxg5 Nxg5 24. Ne7+ Kh8 25. Nxc8 Bxh1 26. Kxh1 Ndf3 27. Qxd6 Rfxc8 28. Red1 Ne4 29. Qd5 Nxf2+ 30. Kg2 Nxd1 31. Qxf3 Nc3 32. Rxc3 b5 33. c5 a5 34. c6 b4 35. Bxb4 axb4 36. Rc2 Re8 37. Qxf7 Rbc8 38. c7 Rf8 39. Qxf8+ Rxf8 40. c8Q Rxc8 41. Rxc8+ Kh7 42. Kf3 Kg6 43. h4 Kh5 44. Rc5 g5 45. Rxe5 Kg6 46. Kg4 gxh4 47. gxh4 h5+ 48. Rxh5 Kf6 49. e4 Ke6 50. Rd5 Kf6 51. h5 Kg7 52. Kg5 Kh7 53. Rd7+ Kg8 54. Kf6 Kf8 55. Rd8# 1-0